Statistics for AFL 2021 Season: Round One Team Lineups

Click here to take the quiz!

General Stats

  • This quiz has been taken 61 times
  • The average score is 176 of 396

Answer Stats

HintAnswer% Correct
Full ForwardDustin Martin
98%
RuckmanStefan Martin
95%
Forward PocketJack Riewoldt
93%
Half Forward FlankBailey Smith
90%
Centre Half BackBrodie Smith
90%
Forward PocketDevon Smith
90%
WingerIsaac Smith
90%
RuckmanToby Nankervis
90%
Centre Half BackDarcy Byrne-Jones
88%
InterchangeHarrison Jones
88%
Full BackLiam Jones
88%
InterchangeNathan Jones
88%
Forward PocketCharlie Cameron
85%
Forward PocketTom J. Lynch
85%
InterchangeTom Lynch
85%
InterchangeDaniel Rioli
80%
Forward PocketJosh Walker
80%
RuckmanMax Gawn
80%
CentrePatrick Cripps
80%
RoverPatrick Dangerfield
80%
Full BackSteven May
80%
Full ForwardTaylor Walker
80%
RuckmanBrodie Grundy
78%
Half Forward FlankJamie Cripps
78%
CentreJoel Selwood
78%
Full ForwardJosh J. Kennedy
78%
InterchangeJosh P. Kennedy
78%
Half Forward FlankKysaiah Pickett
78%
InterchangeMarlion Pickett
78%
Full ForwardTom Hawkins
78%
Full BackBen McKay
75%
CentreChristian Petracca
75%
Ruck RoverClayton Oliver
75%
Ruck RoverDion Prestia
75%
Full BackDylan Grimes
75%
Centre Half ForwardHarry McKay
75%
InterchangeLogan McDonald
75%
RoverSam Walsh
75%
Ruck RoverTaylor Adams
75%
Centre Half ForwardTom McDonald
75%
Ruck RoverAndrew Brayshaw
73%
WingerAngus Brayshaw
73%
Ruck RoverJack Macrae
73%
Centre Half BackJeremy McGovern
73%
InterchangeLochie O'Brien
73%
Forward PocketMarcus Bontempelli
73%
Full BackMark Blicavs
73%
RuckmanReilly O'Brien
73%
CentreScott Pendlebury
73%
RoverTim O'Brien
73%
Centre Half BackDarcy Moore
70%
Back PocketDylan Moore
70%
Ruck RoverEd Curnow
70%
Back PocketLuke Brown
70%
CentreOllie Wines
70%
Ruck RoverRory Laird
70%
RuckmanSam Draper
70%
Centre Half BackTom Stewart
70%
RoverTravis Boak
70%
WingerTyler Brown
70%
CentreAdam Treloar
68%
Back PocketBailey Williams
68%
RuckmanBen McEvoy
68%
Centre Half BackBrennan Cox
68%
WingerJack Steele
68%
Half Forward FlankJames Rowe
68%
Half Back FlankJayden Short
68%
RoverLachie Neale
68%
CentreLuke Parker
68%
Full ForwardMason Cox
68%
CentreNat Fyfe
68%
Centre Half ForwardNik Cox
68%
RuckmanRhys Stanley
68%
CentreRory Sloane
68%
InterchangeTom Mitchell
68%
CentreZach Merrett
68%
Ruck RoverZak Butters
68%
Centre Half ForwardAaron Naughton
65%
Full ForwardBen King
65%
Forward PocketCharlie Dixon
65%
Back PocketDaniel Rich
65%
Half Back FlankJake Kelly
65%
Centre Half BackJake Lever
65%
Half Back FlankJayden Hunt
65%
CentreJosh Kelly
65%
Ruck RoverTim Kelly
65%
InterchangeTom Green
65%
RoverBen Keays
63%
Back PocketCaleb Daniel
63%
InterchangeDarcy Parish
63%
Centre Half BackJacob Weitering
63%
RuckmanMarc Pittonet
63%
Back PocketBrayden Maynard
60%
RoverDylan Shiel
60%
Centre Half ForwardJoe Daniher
60%
RoverJordan De Goey
60%
WingerLachie Hunter
60%
RuckmanPaul Hunter
60%
CentreShane Edwards
60%
Forward PocketTim English
60%
RuckmanTodd Goldstein
60%
Half Forward FlankTodd Marshall
60%
RoverTouk Miller
60%
Half Back FlankAdam Saad
58%
Centre Half BackAlex Keath
58%
Half Forward FlankCameron Guthrie
58%
Centre Half BackDane Rampe
58%
CentreDayne Zorko
58%
Full ForwardHarry Himmelberg
58%
Full ForwardJosh Bruce
58%
Ruck RoverMatt Rowell
58%
InterchangeNathan Broad
58%
InterchangeNoah Anderson
58%
RuckmanScott Lycett
58%
Half Back FlankBailey Dale
55%
Full BackHarris Andrews
55%
InterchangeJack Graham
55%
RuckmanJarrod Witts
55%
Forward PocketJosh Thomas
55%
WingerKamdyn McIntosh
55%
RuckmanOscar McInerney
55%
WingerTarryn Thomas
55%
Half Forward FlankTim Taranto
55%
RoverTom Liberatore
55%
Forward PocketBayley Fritsch
53%
Forward PocketBobby Hill
53%
WingerBradley Hill
53%
InterchangeCaleb Serong
53%
Half Back FlankChristian Salem
53%
Full ForwardEric Hipwood
53%
Half Back FlankJack Crisp
53%
Centre Half ForwardJack Darling
53%
Centre Half BackJack Sinclair
53%
Forward PocketJosh Daicos
53%
Half Forward FlankLachie Fogarty
53%
Forward PocketLiam Ryan
53%
CentreLuke Davies-Uniacke
53%
Half Back FlankLuke Ryan
53%
Full ForwardNick Larkey
53%
Half Forward FlankToby Greene
53%
Full BackTom Barrass
53%
Centre Half ForwardAdam Cerra
50%
Ruck RoverCallum Mills
50%
InterchangeChad Warner
50%
InterchangeCurtis Taylor
50%
InterchangeDaniel Howe
50%
Back PocketDavid Astbury
50%
CentreJaeger O'Meara
50%
Half Back FlankJeremy Howe
50%
Half Back FlankJordan Ridley
50%
InterchangeJosh Dunkley
50%
RoverJy Simpkin
50%
Half Back FlankLiam Baker
50%
Half Forward FlankLuke Breust
50%
Back PocketNoah Balta
50%
Full ForwardPeter Wright
50%
Forward PocketSam Taylor
50%
Back PocketShannon Hurn
50%
RuckmanTom Hickey
50%
Back PocketTom Jonas
50%
RoverTom Papley
50%
WingerTom Phillips
50%
InterchangeZach Guthrie
50%
RoverAndrew Gaff
48%
WingerEd Langdon
48%
Forward PocketErrol Gulden
48%
WingerHugh McCluggage
48%
Half Back FlankHunter Clark
48%
Forward PocketIzak Rankine
48%
Centre Half ForwardJack Higgins
48%
Half Back FlankJack Ziebell
48%
RoverJacob Hopper
48%
Half Back FlankJake Lloyd
48%
Half Forward FlankJordan Clark
48%
RuckmanNic Naitanui
48%
WingerPaul Seedsman
48%
Centre Half ForwardSam Day
48%
InterchangeShaun Higgins
48%
Ruck RoverStephen Coniglio
48%
InterchangeTom Cole
48%
InterchangeTom Powell
48%
WingerWill Day
48%
Half Forward FlankWill Hoskin-Elliott
48%
InterchangeWil Powell
48%
InterchangeZac Langdon
48%
Back PocketAliir Aliir
45%
InterchangeCharlie Spargo
45%
RoverDavid Mundy
45%
CentreDom Sheed
45%
WingerDyson Heppell
45%
Back PocketHayden Young
45%
Half Forward FlankJaidyn Stephenson
45%
RoverJames Harmes
45%
InterchangeJarryd Lyons
45%
Half Forward FlankJason Castagna
45%
Full BackJordan Roughead
45%
Full BackKyle Hartigan
45%
Centre Half BackLachie Young
45%
InterchangeLiam Henry
45%
Ruck RoverMitch Robinson
45%
Back PocketNick Haynes
45%
Centre Half BackNick Vlastuin
45%
InterchangeOliver Henry
45%
Centre Half BackPhil Davis
45%
Half Back FlankSam Docherty
45%
Half Back FlankSam J. Reid
45%
Centre Half ForwardSam Reid
45%
Back PocketAdam Tomlinson
43%
WingerBrandon Ellis
43%
Centre Half ForwardBrody Mihocek
43%
Centre Half ForwardCameron Zurhaar
43%
Half Forward FlankDavid Swallow
43%
Forward PocketIsaac Heeney
43%
Back PocketJordan Dawson
43%
RoverKane Lambert
43%
WingerKarl Amon
43%
RuckmanLloyd Meek
43%
Full ForwardLuke Jackson
43%
Back PocketMason Redman
43%
RuckmanMatt Flynn
43%
Full ForwardMatt Taberner
43%
InterchangePaddy Dow
43%
Full ForwardRobbie Gray
43%
Forward PocketTim Membrey
43%
Half Back FlankTom Atkins
43%
Full BackTom McCartin
43%
WingerXavier Duursma
43%
InterchangeAndrew McGrath
40%
Back PocketDougal Howard
40%
Back PocketGeorge Hewett
40%
Forward PocketGryan Miers
40%
Half Forward FlankJamie Elliott
40%
WingerJarrod Berry
40%
Back PocketJayden Laverde
40%
InterchangeKeidean Coleman
40%
Half Forward FlankLincoln McCarthy
40%
InterchangeMatt de Boer
40%
Full BackRyan Gardner
40%
InterchangeSam Berry
40%
Centre Half ForwardShai Bolton
40%
Half Forward FlankBrayden Ham
38%
InterchangeIsaac Quaynor
38%
RoverJade Gresham
38%
Half Forward FlankJake Aarts
38%
WingerJohn Noble
38%
Back PocketLachie Plowman
38%
Forward PocketLachlan Murphy
38%
Full ForwardLevi Casboult
38%
Half Forward FlankMarc Murphy
38%
Half Back FlankNick Hind
38%
Half Back FlankTom Doedee
38%
InterchangeWill Brodie
38%
InterchangeAnthony Scott
35%
WingerBailey Scott
35%
InterchangeBraeden Campbell
35%
InterchangeDaniel McKenzie
35%
Centre Half ForwardGary Rohan
35%
Half Forward FlankJack Billings
35%
Back PocketLachie Henderson
35%
Back PocketSam Frost
35%
InterchangeSebastian Ross
35%
Centre Half BackBlake Hardwick
33%
Full ForwardHayden McLean
33%
Back PocketJack Madgen
33%
Half Back FlankJake Kolodjashnij
33%
Half Forward FlankJames Rowbottom
33%
Full ForwardJonathon Ceglar
33%
Full BackJordon Butts
33%
Full BackSam Collins
33%
InterchangeSteven Motlop
33%
Half Back FlankTaylor Duryea
33%
WingerBlake Acres
30%
Ruck RoverBrandan Parfitt
30%
InterchangeChangkuoth Jiath
30%
Half Back FlankDan Houston
30%
CentreHugh Greenwood
30%
WingerJack Newnes
30%
Centre Half ForwardJacob Koschitzke
30%
Half Forward FlankJames Worpel
30%
Ruck RoverLiam Shiels
30%
InterchangeMichael Gibbons
30%
WingerNick Blakey
30%
Forward PocketShane McAdam
30%
Half Forward FlankZac Bailey
30%
Full BackAaron Francis
28%
Back PocketAlex Pearce
28%
Centre Half BackCale Hooker
28%
Half Forward FlankDan Butler
28%
Half Back FlankHarry Cunningham
28%
InterchangeHarry Schoenberg
28%
WingerJack Redden
28%
Forward PocketJack Silvagni
28%
Half Back FlankJarman Impey
28%
Ruck RoverJosh Battle
28%
Ruck RoverJye Caldwell
28%
InterchangeLuke Dahlhaus
28%
Half Forward FlankNed McHenry
28%
Half Back FlankNick Coffield
28%
Half Back FlankOleg Markov
28%
Centre Half ForwardOrazio Fantasia
28%
WingerSam Menegola
28%
Full BackTom Clurey
28%
Half Forward FlankTom Sparrow
28%
InterchangeTrent Rivers
28%
InterchangeWillem Drew
28%
Back PocketAndrew McPherson
25%
Half Back FlankBrandon Starcevich
25%
WingerCallan Ward
25%
Full BackCallum Wilkie
25%
Forward PocketDarcy MacPherson
25%
WingerJack Lukosius
25%
WingerJosh Caddy
25%
Forward PocketJosh Jenkins
25%
WingerLachlan Sholl
25%
InterchangeMitch Wallis
25%
Forward PocketOscar Allen
25%
InterchangePatrick Lipinski
25%
Forward PocketPeter Ladhams
25%
Half Back FlankRyan Burton
25%
Forward PocketZac Fisher
25%
Forward PocketAlex Neal-Bullen
23%
Forward PocketAnthony McDonald-Tipungwuti
23%
Back PocketJack Payne
23%
WingerJames Aish
23%
InterchangeJames Jordon
23%
InterchangeJed Bews
23%
Full BackJoel Hamling
23%
Forward PocketLachie Schultz
23%
Half Forward FlankLachlan McNeil
23%
Back PocketNeville Jetta
23%
InterchangeRiley Bonner
23%
Back PocketSam Petrevski-Seton
23%
InterchangeTom Williamson
23%
Back PocketAidan Corr
20%
Centre Half ForwardBilly Frampton
20%
Centre Half BackCharlie Ballard
20%
Half Back FlankGrant Birchall
20%
Half Back FlankJack Bowes
20%
Half Back FlankJackson Nelson
20%
Back PocketMark O'Connor
20%
Centre Half BackRyan Lester
20%
Back PocketSean Lemmens
20%
Forward PocketTyler Brockman
20%
WingerWill Snelling
20%
InterchangeAlex Sexton
18%
InterchangeBen Long
18%
Back PocketBrad Sheppard
18%
InterchangeCallum Ah Chee
18%
InterchangeConnor Blakely
18%
InterchangeHarry Sharp
18%
Half Back FlankIsaac Cumming
18%
WingerLachie Ash
18%
Half Forward FlankLachie Weller
18%
WingerLaitham Vandermeer
18%
WingerLiam Duggan
18%
WingerWill Setterfield
18%
Back PocketConnor Budarick
15%
InterchangeConnor Idun
15%
Half Back FlankHarry Morrison
15%
Forward PocketJack Lonie
15%
Half Forward FlankJack Petruccelle
15%
Half Forward FlankKyle Langford
15%
WingerOliver Florent
15%
Forward PocketSam Switkowski
15%
Half Forward FlankSam Wicks
15%
Forward PocketShaun Burgoyne
15%
Half Forward FlankTravis Colyer
15%
InterchangeWill Hamill
15%
InterchangeJack Buckley
13%
InterchangeJared Polec
13%
Half Forward FlankKane Farrell
13%
Half Back FlankShaun Atley
13%
Centre Half ForwardTanner Bruhn
13%
Forward PocketTom Fullarton
13%
Back PocketHarry Perryman
10%
Back PocketJimmy Webster
10%
Forward PocketKayne Turner
10%
InterchangeNathan Vardy
10%
InterchangeNed Cahill
10%
InterchangeOliver Hanrahan
10%
InterchangeTobe Watson
10%
CentreTom Highmore
10%
InterchangeTrey Ruscoe
10%
Back PocketAiden Bonar
8%
InterchangeBrayden Sier
8%
Half Forward FlankEthan Hughes
8%
InterchangeJack Bytel
8%
Full BackLachlan Keeffe
8%
InterchangeMiles Bergman
8%
InterchangeConnor Menadue
5%
Ruck RoverDom Tyson
5%
Half Forward FlankJack Mahony
5%
Half Back FlankReece Conca
5%
Half Back FlankJosh Rotham
3%
Full ForwardShaun McKernan
3%
InterchangeXavier O'Neill
3%

Score Distribution

Percentile by Number Answered

Percent of People with Each Score

Your Score History

You have not taken this quiz